Who Performed These Songs on Glee? - Statistics

General Stats
  • This quiz has been taken 2,360 times
  • The average score is 11 of 15
Answer Stats
Hint Answer % Correct
Don't Rain on my Parade Lea Michele / Rachel Berry
99%
Jessie's Girl Cory Monteith / Finn Hudson
97%
If I Die Young Naya Rivera / Santana Lopez
95%
I Will Always Love You Amber Riley / Mercedes Jones
90%
Sweet Caroline Mark Salling / Noah Puckerman
87%
I Want to Hold your Hand Chris Colfer / Kurt Hummel
85%
I'm Slave 4 U Heather Morris / Brittany Pierce
84%
Never Can Say Goodbye Dianna Agron / Quinn Fabray
81%
It's Time Darren Criss / Blaine Anderson
68%
Hung Up Jenna Ushkowitz / Tina Cohen Chang
67%
Little Girls Jane Lynch / Sue Sylvester
61%
Forever Young Matthew Morrison / William Schuester
56%
Jolene Dot Marie Jones / Shannon Beiste
54%
Honesty Kevin McHale / Artie Abrams
54%
Every Rose Has its Thorn Chord Overstreet / Sam Evans
50%
No matching quizzes found
Score Distribution
Percent of People with Each Score
Percentile by Number Answered
Your Score History
You have not taken this quiz